[Event "CAN op"]
[Site "Hamilton CAN"]
[Date "2022.07.12"]
[Round "2.95"]
[White "Crooks, Israel"]
[Black "Sun, Michael"]
[Result "0-1"]
[WhiteElo "1611"]
[BlackElo "1043"]
[PlyCount "86"]
[EventDate "2022.07.12"]
[EventType "swiss"]
[EventRounds "9"]
[EventCountry "CAN"]

1. e4 c6 2. d4 d5 3. e5 Bf5 4. a3 e6 5. Ne2 Nd7 6. Ng3 Bg6 7. Nc3 c5 8. Bb5 a6
9. Bxd7+ Qxd7 10. Be3 cxd4 11. Bxd4 Be7 12. O-O f6 13. f4 f5 14. a4 Nh6 15. a5
O-O 16. Na4 Qb5 17. Rf3 Bd8 18. Rb3 Qe8 19. Nc5 Qe7 20. Bf2 Ng4 21. Be1 Qxc5+
22. Kh1 Bxa5 23. Rxa5 Qxa5 24. h3 Qa4 25. hxg4 Qxf4 26. gxf5 Bxf5 27. Nxf5 Qf1+
28. Kh2 Rxf5 29. Rg3 Rxe5 30. Qg4 g6 31. Bc3 Rh5+ 32. Rh3 Rxh3+ 33. Kxh3 Qf5
34. Kh4 Qxg4+ 35. Kxg4 Rf8 36. Kg3 h5 37. Bb4 e5 38. Bxf8 Kxf8 39. Kf3 Kf7 40.
g3 Kf6 41. c4 dxc4 42. Ke4 Kg5 43. Kf3 e4+ 0-1

[Event "CAN op"]
[Site "Hamilton CAN"]
[Date "2022.07.12"]
[Round "2.96"]
[White "Dickson, Raymond"]
[Black "Wiraszka, Michal"]
[Result "1-0"]
[WhiteElo "1511"]
[BlackElo "957"]
[PlyCount "81"]
[EventDate "2022.07.12"]
[EventType "swiss"]
[EventRounds "9"]
[EventCountry "CAN"]

1. d4 Nf6 2. e3 d5 3. Bd3 Nc6 4. f4 Bg4 5. Nf3 e6 6. Nbd2 Bd6 7. c3 h6 8. O-O
Qd7 9. Qe1 g5 10. Ne5 Qe7 11. Nxc6 bxc6 12. f5 h5 13. fxe6 Bxe6 14. e4 dxe4 15.
Nxe4 Nxe4 16. Qxe4 Kd7 17. c4 Bg4 18. Qxe7+ Bxe7 19. Rxf7 Raf8 20. Rxf8 Rxf8
21. Bd2 c5 22. d5 c6 23. h3 Bf5 24. Bxf5+ Rxf5 25. dxc6+ Kxc6 26. Rf1 Re5 27.
Re1 Rxe1+ 28. Bxe1 Bd8 29. Kf2 Kd6 30. Ke3 Ke5 31. Bg3+ Kf5 32. Bd6 Bb6 33. b4
cxb4+ 34. c5 Bd8 35. c6 Bb6+ 36. Kd3 Ke6 37. Bb8 a5 38. Kc4 Bf2 39. Kb5 Be1 40.
Kb6 a4 41. c7 1-0

[Event "CAN op"]
[Site "Hamilton CAN"]
[Date "2022.07.12"]
[Round "2.97"]
[White "Zhong, Ryan Yunhui"]
[Black "Perez, Gilbert"]
[Result "1/2-1/2"]
[WhiteElo "1476"]
[BlackElo "1928"]
[PlyCount "141"]
[EventDate "2022.07.12"]
[EventType "swiss"]
[EventRounds "9"]
[EventCountry "CAN"]

1. d4 Nf6 2. c4 c5 3. d5 b5 4. cxb5 a6 5. b6 Qxb6 6. Nc3 g6 7. e4 d6 8. Bd3 Bg7
9. Nge2 Nbd7 10. O-O Ne5 11. Kh1 O-O 12. f4 Neg4 13. Qe1 Nd7 14. h3 Ngf6 15.
Qg3 Qc7 16. Be3 Rb8 17. Rab1 Nh5 18. Qh2 c4 19. Bc2 Nc5 20. Bxc5 Qxc5 21. e5
Bh8 22. g4 Ng7 23. Ng3 dxe5 24. fxe5 Ne8 25. e6 Nf6 26. Nge4 Qa7 27. exf7+ Rxf7
28. g5 Nh5 29. Rxf7 Kxf7 30. Rf1+ Bf5 31. Bd1 Bxc3 32. Rxf5+ gxf5 33. Bxh5+ Kg8
34. Nxc3 Rf8 35. Qe2 Qd7 36. Qxc4 Qd6 37. Kg2 Rb8 38. b3 Rd8 39. Bf3 Kg7 40.
Qc6 h6 41. gxh6+ Kxh6 42. Qxd6+ Rxd6 43. Kg3 Kg5 44. h4+ Kf6 45. Kf4 e5+ 46.
dxe6 Rd4+ 47. Kg3 Kxe6 48. Nd5 a5 49. h5 a4 50. h6 Kf7 51. Bh5+ Kg8 52. Ne7+
Kh7 53. Bg6+ Kh8 54. Bxf5 axb3 55. axb3 Rd3+ 56. Kf4 Rxb3 57. Kg5 Rb7 58. Ng6+
Kh7 59. Bd3 Ra7 60. Bf5 Ra6 61. Ne5+ Kg8 62. h7+ Kg7 63. Ng4 Ra5 64. Nf6 Kh8
65. Kf4 Ra6 66. Nd7 Rh6 67. Ne5 Rxh7 68. Be6 Rh1 69. Bd5 Rh5 70. Nf7+ Kg7 71.
Ng5 1/2-1/2

[Event "CAN op"]
[Site "Hamilton CAN"]
[Date "2022.07.12"]
[Round "2.98"]
[White "Zhong, Victor"]
[Black "Gherasim, Connor"]
[Result "0-1"]
[WhiteElo "1141"]
[BlackElo "1493"]
[PlyCount "38"]
[EventDate "2022.07.12"]
[EventType "swiss"]
[EventRounds "9"]
[EventCountry "CAN"]

1. d4 Nf6 2. c4 e6 3. Nf3 d5 4. g3 Be7 5. Bg2 O-O 6. O-O dxc4 7. Bf4 c5 8. e3
Nc6 9. dxc5 Bxc5 10. Nc3 Nd5 11. Qc2 Nxf4 12. exf4 Nb4 13. Qe4 Qc7 14. Qxc4
Bxf2+ 15. Rxf2 Qxc4 16. Ne5 Qc5 17. Ne4 Qb6 18. Nc4 Qd4 19. Rc1 Nd3 0-1

[Event "CAN op"]
[Site "Hamilton CAN"]
[Date "2022.07.12"]
[Round "2.99"]
[White "Mok, Erwin"]
[Black "Takeuchi, Nobuko"]
[Result "1-0"]
[WhiteElo "1468"]
[BlackElo "927"]
[PlyCount "85"]
[EventDate "2022.07.12"]
[EventType "swiss"]
[EventRounds "9"]
[EventCountry "CAN"]

1. d4 Nf6 2. c4 e6 3. Nc3 d5 4. Bg5 Bb4 5. Qa4+ Nc6 6. e3 O-O 7. Nf3 Bd7 8. Qb3
h6 9. Bxf6 Qxf6 10. cxd5 Bxc3+ 11. bxc3 Na5 12. Qb4 b6 13. dxe6 Bxe6 14. Bd3
Nc6 15. Qb1 Ne7 16. O-O c5 17. Be4 Rab8 18. Qd3 Kh8 19. d5 Rbd8 20. c4 Bg4 21.
Qa3 Bxf3 22. Bxf3 a5 23. Rab1 Ng6 24. Qb3 Rd6 25. e4 Nh4 26. Bg4 Ng6 27. Rfe1
Ne5 28. Bh3 g5 29. Bf5 Rg8 30. Kh1 g4 31. Rg1 g3 32. hxg3 Qg5 33. f4 Qh5+ 34.
Bh3 Ng4 35. Rgf1 f6 36. e5 fxe5 37. fxe5 Nxe5 38. Rf5 a4 39. Qc3 Rxg3 40. Qxe5+
Rf6 41. Qxf6+ Rg7 42. Rxh5 Kh7 43. Rxh6+ 1-0

[Event "CAN op"]
[Site "Hamilton CAN"]
[Date "2022.07.12"]
[Round "2.100"]
[White "Huang, Winston"]
[Black "Zabor, Josh"]
[Result "0-1"]
[WhiteElo "1131"]
[BlackElo "1467"]
[PlyCount "94"]
[EventDate "2022.07.12"]
[EventType "swiss"]
[EventRounds "9"]
[EventCountry "CAN"]

1. d4 d5 2. c4 e6 3. Nc3 Nf6 4. Nf3 c5 5. e3 Nc6 6. Be2 dxc4 7. Bxc4 cxd4 8.
Nxd4 Nxd4 9. exd4 Bd6 10. Bg5 a6 11. h3 h6 12. Bxf6 Qxf6 13. a3 Qg6 14. O-O b5
15. Bd3 Qf6 16. Ne4 Qe7 17. Nxd6+ Qxd6 18. Re1 Bb7 19. Be4 Bxe4 20. Rxe4 Rd8
21. Qd2 O-O 22. Rd1 Rd7 23. Rg4 e5 24. Re4 Rfd8 25. Qe2 f6 26. Rd2 Qb6 27. h4
Rxd4 28. Rexd4 Rxd4 29. Rxd4 Qxd4 30. g3 Qc4 31. Qd2 Kh7 32. Qa5 Qc1+ 33. Kg2
Qxb2 34. Qxa6 e4 35. Kf1 Qb1+ 36. Kg2 Qd3 37. Qa7 Qf3+ 38. Kh2 Qc3 39. Kg2 Qc6
40. Qe3 Qd5 41. Kf1 Kg6 42. Ke1 h5 43. Qd2 Qxd2+ 44. Kxd2 Kf5 45. Ke3 Ke5 46.
Kd2 Kd4 47. Kc2 Kc4 0-1

[Event "CAN op"]
[Site "Hamilton CAN"]
[Date "2022.07.12"]
[Round "2.101"]
[White "McKitrick, Jerry"]
[Black "Qian, Ashley"]
[Result "0-1"]
[WhiteElo "1050"]
[BlackElo "1413"]
[PlyCount "76"]
[EventDate "2022.07.12"]
[EventType "swiss"]
[EventRounds "9"]
[EventCountry "CAN"]

1. e4 c5 2. Nf3 d6 3. d4 cxd4 4. Nxd4 Nf6 5. Nc3 a6 6. Be2 e5 7. Nf3 Be7 8. O-O
O-O 9. Be3 b5 10. a3 Bb7 11. Qd3 Nbd7 12. b4 Rc8 13. Rfd1 Qc7 14. Nd5 Bxd5 15.
exd5 e4 16. Qd2 exf3 17. Bxf3 Qxc2 18. Qd4 Qc7 19. Rac1 Qb7 20. Bg5 Ne5 21. Be2
Rxc1 22. Bxc1 Rc8 23. h4 Nxd5 24. Bb2 Rc2 25. Bf3 Nxf3+ 26. gxf3 Nf6 27. Kg2 h6
28. Ba1 Rc4 29. Qe3 Qd7 30. Re1 Rxh4 31. Rh1 Rxh1 32. Kxh1 d5 33. Kg2 Qe6 34.
Qa7 Kh7 35. Bd4 Nh5 36. Bb6 Nf4+ 37. Kg3 Qg6+ 38. Kxf4 Qg5# 0-1

[Event "CAN op"]
[Site "Hamilton CAN"]
[Date "2022.07.12"]
[Round "2.102"]
[White "Fakoorziba, Payam"]
[Black "Brown, John R"]
[Result "1-0"]
[WhiteElo "1003"]
[BlackElo "1409"]
[PlyCount "57"]
[EventDate "2022.07.12"]
[EventType "swiss"]
[EventRounds "9"]
[EventCountry "CAN"]

1. e4 e5 2. Nf3 Nc6 3. Bc4 Nf6 4. d3 h6 5. c3 d6 6. h3 Be7 7. O-O O-O 8. Re1
Na5 9. Bb5 c6 10. Ba4 b5 11. Bc2 Nb7 12. d4 Qc7 13. Nbd2 Nd8 14. Nf1 Ne6 15.
Ng3 Nf4 16. Nh4 g6 17. Qf3 Qd7 18. dxe5 dxe5 19. Bb3 Kh7 20. Bxf4 exf4 21. Qxf4
Nh5 22. Nxh5 gxh5 23. Nf5 Bg5 24. Qf3 h4 25. Rad1 Qc7 26. e5 Bxf5 27. Qxf5+ Kg7
28. Bc2 Rh8 29. Rd7 1-0

[Event "CAN op"]
[Site "Hamilton CAN"]
[Date "2022.07.12"]
[Round "2.103"]
[White "Dhaliwal, Jatinder"]
[Black "Sun, Erik"]
[Result "1-0"]
[WhiteElo "1377"]
[BlackElo "853"]
[PlyCount "39"]
[EventDate "2022.07.12"]
[EventType "swiss"]
[EventRounds "9"]
[EventCountry "CAN"]

1. e4 e5 2. c4 Nc6 3. Nc3 Bc5 4. Qg4 Qf6 5. Nf3 d5 6. Qg3 d4 7. Nd5 Qd6 8. Qxg7
Be6 9. Qxh8 O-O-O 10. Qxh7 Bxd5 11. cxd5 Nb4 12. Kd1 f5 13. Qxf5+ Kb8 14. a3
Na6 15. Nxe5 Ne7 16. Qe6 Qb6 17. Bxa6 Qxa6 18. Qxa6 bxa6 19. b4 Bb6 20. d3 1-0

[Event "CAN op"]
[Site "Hamilton CAN"]
[Date "2022.07.12"]
[Round "2.105"]
[White "Higgins, Brian"]
[Black "Narula, Japveer"]
[Result "0-1"]
[WhiteElo "933"]
[BlackElo "1326"]
[PlyCount "78"]
[EventDate "2022.07.12"]
[EventType "swiss"]
[EventRounds "9"]
[EventCountry "CAN"]

1. e4 e5 2. Nf3 Nc6 3. d3 Bc5 4. g3 Nf6 5. Bg2 O-O 6. O-O h6 7. Nbd2 d6 8. c3
Bg4 9. a4 a5 10. h3 Bh5 11. Qe1 Qd7 12. Nh4 Ne7 13. Kh2 Ng6 14. Nf5 Ne7 15. d4
exd4 16. cxd4 Bb6 17. Nf3 Nxf5 18. exf5 Bxf3 19. Bxf3 Qxf5 20. Qe3 Bxd4 21.
Qxd4 Qxf3 22. Re1 c5 23. Qxd6 Qxf2+ 24. Kh1 Qxe1+ 25. Kg2 Ne4 26. Qf4 Rfe8 27.
Ra3 Nxg3 28. Rxg3 Re2+ 29. Kf3 Rf2+ 30. Kg4 Qe6+ 31. Kh4 Rxf4+ 32. Bxf4 g5+ 33.
Bxg5 hxg5+ 34. Rxg5+ Kf8 35. Rh5 Qd6 36. Rh8+ Kg7 37. Rxa8 f6 38. Rxa5 Qf4+ 39.
Kh5 Qg5# 0-1

[Event "CAN op"]
[Site "Hamilton CAN"]
[Date "2022.07.12"]
[Round "2.107"]
[White "Di Tommaso, Brittany"]
[Black "Chen, Sam"]
[Result "0-1"]
[WhiteElo "925"]
[BlackElo "1299"]
[PlyCount "99"]
[EventDate "2022.07.12"]
[EventType "swiss"]
[EventRounds "9"]
[EventCountry "CAN"]

1. e4 e5 2. Bc4 Nf6 3. Nc3 Nxe4 4. Nxe4 d5 5. Bb5+ c6 6. Bxc6+ Nxc6 7. Nc3 Bc5
8. Nf3 O-O 9. O-O Bg4 10. h3 Bh5 11. Qe1 Bxf3 12. gxf3 Nd4 13. Qd1 Qh4 14. Kg2
e4 15. fxe4 dxe4 16. Na4 Bd6 17. Qg4 Qxg4+ 18. hxg4 Nxc2 19. Rb1 f5 20. g5 Nb4
21. b3 Nd3 22. Rh1 Nxc1 23. Rbxc1 Bf4 24. Rcd1 Rfd8 25. Rh3 Bxg5 26. Nc5 Rxd2
27. Rdh1 Re8 28. Rxh7 Bh6 29. R7xh6 gxh6 30. Rxh6 Kg7 31. Rh3 e3 32. Rg3+ Kf6
33. Nd7+ Rxd7 34. fxe3 Rg7 35. Kf3 Rxg3+ 36. Kxg3 Rxe3+ 37. Kf4 Re2 38. a3 Rb2
39. b4 Rb3 40. b5 Rxb5 41. a4 Rb4+ 42. Ke3 Rxa4 43. Kf3 Rc4 44. Ke3 Rb4 45. Kd3
a5 46. Ke3 a4 47. Kd3 a3 48. Kd2 a2 49. Kd3 a1=Q 50. Kd2 0-1

[Event "CAN op"]
[Site "Hamilton CAN"]
[Date "2022.07.12"]
[Round "2.108"]
[White "Chua, Zachary"]
[Black "Lu, Aiden"]
[Result "0-1"]
[WhiteElo "861"]
[BlackElo "1291"]
[PlyCount "76"]
[EventDate "2022.07.12"]
[EventType "swiss"]
[EventRounds "9"]
[EventCountry "CAN"]

1. e4 e5 2. Nf3 Nc6 3. d4 exd4 4. Nxd4 Nf6 5. Nxc6 bxc6 6. Bd3 Bc5 7. O-O d6 8.
Bg5 h6 9. Bh4 O-O 10. c3 Be6 11. a4 a5 12. Nd2 Re8 13. Rb1 Rb8 14. Bc4 Bxc4 15.
Nxc4 Bb6 16. Bxf6 Qxf6 17. Nxb6 cxb6 18. Re1 Qg6 19. Qf3 Re6 20. Qf5 Rbe8 21.
Qxg6 fxg6 22. Kf1 Rxe4 23. Rxe4 Rxe4 24. b4 Rc4 25. Rb3 Kf7 26. Ke2 Ke6 27. Kd3
Kd5 28. g3 axb4 29. Rxb4 Rxb4 30. cxb4 c5 31. a5 Kc6 32. a6 b5 33. bxc5 dxc5
34. Ke4 Kb6 35. a7 Kxa7 36. Kd5 Kb6 37. g4 c4 38. f4 c3 0-1

[Event "CAN op"]
[Site "Hamilton CAN"]
[Date "2022.07.13"]
[Round "3.1"]
[White "Lin, Leo"]
[Black "Hambleton, Aman"]
[Result "0-1"]
[WhiteElo "2189"]
[BlackElo "2549"]
[PlyCount "104"]
[EventDate "2022.07.12"]
[EventType "swiss"]
[EventRounds "9"]
[EventCountry "CAN"]

1. e4 c5 2. Nc3 e6 3. g3 d5 4. exd5 exd5 5. Bg2 Nf6 6. d3 Be7 7. Nge2 d4 8. Ne4
Nxe4 9. Bxe4 Nd7 10. O-O O-O 11. Re1 Nf6 12. Bg2 Bd6 13. Bf4 Bg4 14. Qd2 Re8
15. Bxd6 Qxd6 16. Nf4 g5 17. Nd5 h6 18. Nxf6+ Qxf6 19. Bxb7 Rxe1+ 20. Rxe1 Rb8
21. Bd5 Rxb2 22. h3 Bxh3 23. Qe2 Be6 24. Bb3 Qf5 25. Qd1 Bd5 26. Qe2 Bxb3 27.
axb3 Ra2 28. Kg2 Qd5+ 29. Kh2 Kg7 30. Qd1 Ra6 31. Re7 Rf6 32. Qe2 Re6 33. Rxe6
Qxe6 34. Qf3 Qf6 35. Qe2 Qe6 36. Qf3 Qf6 37. Qe2 h5 38. Kg1 Kh6 39. Qe4 h4 40.
Qa8 hxg3 41. fxg3 Qe5 42. Kg2 Qe2+ 43. Kg1 Kh5 44. Qc8 Qe6 45. Qxc5 Qe3+ 46.
Kg2 Kg4 47. Qd6 Qf3+ 48. Kh2 Qf2+ 49. Kh1 Qf1+ 50. Kh2 Qh3+ 51. Kg1 Qxg3+ 52.
Qxg3+ Kxg3 0-1

[Event "CAN op"]
[Site "Hamilton CAN"]
[Date "2022.07.13"]
[Round "3.2"]
[White "Paragua, Mark"]
[Black "Jaferian, Koosha"]
[Result "1-0"]
[WhiteElo "2610"]
[BlackElo "2336"]
[PlyCount "59"]
[EventDate "2022.07.12"]
[EventType "swiss"]
[EventRounds "9"]
[EventCountry "CAN"]

1. e4 c6 2. d4 d5 3. Nc3 dxe4 4. Nxe4 Bf5 5. Ng3 Bg6 6. h4 h6 7. Nf3 Nd7 8. h5
Bh7 9. Bd3 Bxd3 10. Qxd3 e6 11. Bd2 Ngf6 12. O-O-O Be7 13. Kb1 O-O 14. Ne4 c5
15. Nxf6+ Bxf6 16. g4 cxd4 17. g5 hxg5 18. h6 Nc5 19. Qa3 Ne4 20. Bxg5 Nxg5 21.
hxg7 Kxg7 22. Rdg1 Rh8 23. Nxg5 Bxg5 24. Rxh8 Kxh8 25. Qh3+ Kg7 26. f4 Qd6 27.
Rxg5+ Kf6 28. Qh4 Ke7 29. Rg8+ Kd7 30. Rxa8 1-0

[Event "CAN op"]
[Site "Hamilton CAN"]
[Date "2022.07.13"]
[Round "3.3"]
[White "Vera, Reynaldo"]
[Black "Preotu, Razvan"]
[Result "1-0"]
[WhiteElo "2445"]
[BlackElo "2608"]
[PlyCount "101"]
[EventDate "2022.07.12"]
[EventType "swiss"]
[EventRounds "9"]
[EventCountry "CAN"]

1. d4 Nf6 2. c4 g6 3. Nc3 d5 4. cxd5 Nxd5 5. e4 Nxc3 6. bxc3 Bg7 7. Nf3 c5 8.
Bb5+ Nc6 9. Rb1 O-O 10. d5 Ne5 11. O-O a6 12. Be2 Nxf3+ 13. Bxf3 b5 14. Be3 Qd6
15. Qd2 Be5 16. Be2 Bxh2+ 17. Kh1 Qc7 18. g3 Bxg3 19. fxg3 Qxg3 20. Bf3 Bg4 21.
Bg2 f5 22. Bxc5 fxe4 23. Bxe4 Bh3 24. Bg2 Rad8 25. Bxe7 Bxg2+ 26. Qxg2 Qxg2+
27. Kxg2 Rxf1 28. Rxf1 Rxd5 29. Rf2 Rd3 30. Bb4 g5 31. a4 bxa4 32. Rf5 h6 33.
Ra5 Kf7 34. Rxa4 h5 35. Ra5 Kg6 36. Rxa6+ Kf5 37. Rc6 h4 38. Rc5+ Kg4 39. c4
h3+ 40. Kh2 Rf3 41. Be1 Rf4 42. Rc8 Re4 43. Bf2 Rf4 44. Bg1 Re4 45. c5 Re2+ 46.
Kh1 Kg3 47. Rd8 g4 48. c6 h2 49. Rd3+ Kh4 50. Bxh2 Re1+ 51. Kg2 1-0

[Event "CAN op"]
[Site "Hamilton CAN"]
[Date "2022.07.13"]
[Round "3.5"]
[White "Noritsyn, Nikolay"]
[Black "Perez Rodriguez, Luis Manuel"]
[Result "1-0"]
[WhiteElo "2557"]
[BlackElo "2328"]
[PlyCount "67"]
[EventDate "2022.07.12"]
[EventType "swiss"]
[EventRounds "9"]
[EventCountry "CAN"]

1. e4 e5 2. Nf3 Nc6 3. Bc4 Nf6 4. d3 Be7 5. O-O O-O 6. Re1 d6 7. a4 h6 8. h3
Nh7 9. Nc3 Ng5 10. Nd5 Nxf3+ 11. Qxf3 Nd4 12. Qd1 Bg5 13. c3 Bxc1 14. Rxc1 Ne6
15. d4 c6 16. Ne3 Nf4 17. Bf1 Qg5 18. Kh2 Be6 19. g3 Ng6 20. Bg2 Rad8 21. Rf1
Kh8 22. Qe2 Qf6 23. Rcd1 Bb3 24. Rd2 Rfe8 25. d5 Bxa4 26. Ra1 Bb5 27. c4 Ba6
28. dxc6 Ne7 29. c7 Rc8 30. b4 Rxc7 31. b5 Bxb5 32. cxb5 b6 33. Rad1 Rd8 34. h4
1-0

[Event "CAN op"]
[Site "Hamilton CAN"]
[Date "2022.07.13"]
[Round "3.6"]
[White "Zomorrodian, Eilia"]
[Black "Ortiz Suarez, Isan Reynaldo"]
[Result "0-1"]
[WhiteElo "2263"]
[BlackElo "2526"]
[PlyCount "68"]
[EventDate "2022.07.12"]
[EventType "swiss"]
[EventRounds "9"]
[EventCountry "CAN"]

1. e4 c5 2. Nf3 d6 3. Bb5+ Nd7 4. O-O a6 5. Bd3 Ngf6 6. c3 e6 7. Bc2 b5 8. d4
Bb7 9. Qe2 Be7 10. Bg5 h6 11. Bh4 O-O 12. a4 bxa4 13. Nbd2 cxd4 14. cxd4 Nb6
15. e5 dxe5 16. dxe5 Nfd7 17. Bxe7 Qxe7 18. Ne4 Rfb8 19. Ra3 Bd5 20. Rc3 Rc8
21. Ng3 Rxc3 22. bxc3 Qc5 23. Qd3 Nf8 24. Ne4 Bxe4 25. Qxe4 a3 26. Qb4 Rc8 27.
Bd3 a5 28. Qb1 Nd5 29. c4 Nb4 30. Qb3 a2 31. Ra1 Nd7 32. Qc3 Nb6 33. Nd2 Na4
34. Qb3 Qd4 0-1

[Event "CAN op"]
[Site "Hamilton CAN"]
[Date "2022.07.13"]
[Round "3.7"]
[White "Liang, Jason"]
[Black "Chen, Max"]
[Result "1/2-1/2"]
[WhiteElo "2515"]
[BlackElo "2299"]
[PlyCount "89"]
[EventDate "2022.07.12"]
[EventType "swiss"]
[EventRounds "9"]
[EventCountry "CAN"]

1. d4 Nf6 2. Nc3 d5 3. Bf4 Bf5 4. e3 e6 5. Bd3 Bg6 6. h4 Bd6 7. h5 Bxd3 8. Qxd3
h6 9. Nf3 c6 10. O-O-O Qc7 11. Bxd6 Qxd6 12. Kb1 Nbd7 13. e4 dxe4 14. Nxe4 Nxe4
15. Qxe4 O-O-O 16. Qe2 Rhe8 17. Rd3 Qd5 18. Re3 Kb8 19. c4 Qf5+ 20. Ka1 c5 21.
dxc5 Nxc5 22. Rd1 Qf6 23. a3 Rxd1+ 24. Qxd1 Rd8 25. Qc2 Rd6 26. Ka2 a5 27. Re5
b6 28. Re1 Qf4 29. Re5 f6 30. Re3 Qg4 31. g3 a4 32. Nd2 Qxh5 33. Ne4 Nxe4 34.
Rxe4 Qf5 35. Qe2 Kc7 36. g4 Qc5 37. Rxe6 Rxe6 38. Qxe6 Qxf2 39. Qe7+ Kc6 40.
Qe8+ Kc7 41. Qf7+ Kc6 42. Qe8+ Kc7 43. Qe7+ Kc6 44. Qe6+ Kc7 45. Qe7+ 1/2-1/2

[Event "CAN op"]
[Site "Hamilton CAN"]
[Date "2022.07.13"]
[Round "3.8"]
[White "Fedorowicz, John"]
[Black "Zhong, Kevin"]
[Result "1/2-1/2"]
[WhiteElo "2495"]
[BlackElo "2276"]
[PlyCount "35"]
[EventDate "2022.07.12"]
[EventType "swiss"]
[EventRounds "9"]
[EventCountry "CAN"]

1. d4 d5 2. c4 e6 3. Nf3 Nf6 4. Nc3 Be7 5. Bg5 h6 6. Bh4 O-O 7. e3 Ne4 8. Bxe7
Qxe7 9. Rc1 c6 10. Bd3 Nxc3 11. Rxc3 Nd7 12. Bb1 dxc4 13. Rxc4 e5 14. Qc2 f5
15. dxe5 Nxe5 16. Nxe5 Qxe5 17. O-O Be6 18. Rd4 1/2-1/2

[Event "CAN op"]
[Site "Hamilton CAN"]
[Date "2022.07.13"]
[Round "3.9"]
[White "Saha, Ananda"]
[Black "Rodrigue-Lemieux, Shawn"]
[Result "0-1"]
[WhiteElo "2240"]
[BlackElo "2493"]
[PlyCount "54"]
[EventDate "2022.07.12"]
[EventType "swiss"]
[EventRounds "9"]
[EventCountry "CAN"]

1. d4 Nf6 2. Nc3 d5 3. Bf4 c5 4. e4 e6 5. exd5 Nxd5 6. Nxd5 Qxd5 7. Bxb8 Rxb8
8. Nf3 Bd6 9. dxc5 Qxc5 10. Bb5+ Ke7 11. Qe2 b6 12. O-O-O Bb7 13. Ba4 b5 14.
Bb3 a5 15. Rhe1 Rhe8 16. Nd4 Kf8 17. Qxb5 Qxb5 18. Nxb5 Bf4+ 19. Kb1 Bxg2 20.
Nd4 e5 21. Nf5 Red8 22. Nd6 Bxh2 23. Nc4 h5 24. Rxd8+ Rxd8 25. a4 h4 26. Nxe5
Bxe5 27. Rxe5 g6 0-1

[Event "CAN op"]
[Site "Hamilton CAN"]
[Date "2022.07.13"]
[Round "3.10"]
[White "Chiku-Ratte, Olivier-Kenta"]
[Black "Doknjas, Neil"]
[Result "1-0"]
[WhiteElo "2458"]
[BlackElo "2262"]
[PlyCount "165"]
[EventDate "2022.07.12"]
[EventType "swiss"]
[EventRounds "9"]
[EventCountry "CAN"]

1. d4 Nf6 2. c4 e6 3. Nf3 d5 4. g3 Be7 5. Bg2 O-O 6. O-O dxc4 7. Qc2 a6 8. a4
Bd7 9. Qxc4 Bc6 10. Bf4 Bd6 11. Qc1 a5 12. Nc3 Na6 13. Bg5 h6 14. Bh4 Be7 15.
Bxf6 Bxf6 16. Rd1 Bxf3 17. Bxf3 c6 18. Ne4 Be7 19. Qc4 Qb6 20. b3 Rad8 21. e3
Nb4 22. Kg2 Nd5 23. Rac1 Ba3 24. Rc2 Rd7 25. Ra1 Be7 26. h4 Qb4 27. Nd2 Rfd8
28. Bxd5 exd5 29. Qxb4 Bxb4 30. Nf3 Ra8 31. h5 Rdd8 32. Nh4 Ra6 33. Rd1 Rda8
34. Rd3 Re8 35. g4 Re6 36. Nf5 Ra8 37. f4 Kh7 38. Kf3 Rae8 39. Rh2 Bf8 40. Rh3
Re4 41. Rc3 R4e6 42. Kf2 Re4 43. Ng3 R4e6 44. Rh1 Bd6 45. Nf5 Bf8 46. Nh4 Re4
47. Nf3 Be7 48. Rd3 g6 49. hxg6+ fxg6 50. Nd2 Re6 51. Rh3 Kg7 52. Kf3 Bd6 53.
Nf1 Rf8 54. Ng3 Ref6 55. Ne2 Re6 56. Rd1 Rfe8 57. Kf2 Kh7 58. Rdh1 Bf8 59. Nc1
c5 60. dxc5 Bxc5 61. Rxh6+ Kg7 62. Rh7+ Kf6 63. Nd3 Bxe3+ 64. Kf3 Bxf4 65. Nxf4
Re3+ 66. Kg2 Rxb3 67. Rf1 Re4 68. g5+ Kf5 69. Nh3+ Ke5 70. Re7+ Kd4 71. Rd1+
Ke3 72. Rf7 Rb2+ 73. Kg3 Ke2 74. Rf2+ Kxd1 75. Rxb2 Re6 76. Nf2+ Kc1 77. Rxb7
Kc2 78. Rb5 Re3+ 79. Kf4 Re2 80. Kf3 Re5 81. Nh3 Rf5+ 82. Kg4 Kc3 83. Nf4 1-0

[Event "CAN op"]
[Site "Hamilton CAN"]
[Date "2022.07.13"]
[Round "3.11"]
[White "Sambuev, Bator"]
[Black "Xu, Daniel"]
[Result "0-1"]
[WhiteElo "2568"]
[BlackElo "2128"]
[PlyCount "80"]
[EventDate "2022.07.12"]
[EventType "swiss"]
[EventRounds "9"]
[EventCountry "CAN"]

1. e4 c5 2. Ne2 Nf6 3. Nbc3 d6 4. g3 a6 5. Bg2 g6 6. O-O Bg7 7. d3 O-O 8. h3
Nc6 9. f4 Rb8 10. a3 Qc7 11. Be3 b5 12. Rb1 Bd7 13. b4 cxb4 14. axb4 a5 15.
bxa5 Nxa5 16. Na2 Rfc8 17. Nb4 Ra8 18. Nd4 e5 19. fxe5 dxe5 20. Nb3 Qd6 21.
Nxa5 Rxa5 22. Qd2 Ra4 23. g4 Be6 24. Rb2 Rca8 25. c3 Ra1 26. Rbb1 Rxb1 27. Rxb1
Ra3 28. Qc1 Ra4 29. Qb2 h6 30. Bf3 Kh7 31. Bd1 Rxb4 32. cxb4 Qxd3 33. Qc1 Qxe4
34. Bb3 Nd5 35. Bd2 Nf4 36. Bxf4 exf4 37. Qc2 Qe3+ 38. Qf2 Qc3 39. Qc2 Qxh3 40.
Qg2 Bd4+ 0-1

[Event "CAN op"]
[Site "Hamilton CAN"]
[Date "2022.07.13"]
[Round "3.12"]
[White "Manley, Jason"]
[Black "Mikhalevski, Victor"]
[Result "1-0"]
[WhiteElo "2210"]
[BlackElo "2629"]
[PlyCount "73"]
[EventDate "2022.07.12"]
[EventType "swiss"]
[EventRounds "9"]
[EventCountry "CAN"]

1. e4 e5 2. Nf3 Nc6 3. Bc4 Bc5 4. d3 Nf6 5. O-O d6 6. c3 a5 7. h3 h6 8. Re1 O-O
9. Nbd2 Ba7 10. Nf1 Ne7 11. Bb3 Ng6 12. Ng3 b5 13. d4 a4 14. Bc2 c5 15. Be3 Bb6
16. dxe5 dxe5 17. Qxd8 Rxd8 18. b4 Be6 19. a3 Rab8 20. Red1 Rdc8 21. Bd3 Bb3
22. Rd2 cxb4 23. cxb4 Bxe3 24. fxe3 Rc3 25. Ne2 Rc7 26. Rc1 Rd7 27. Bb1 Bc4 28.
Nc3 Rxd2 29. Nxd2 Be6 30. Kf2 Kf8 31. Bd3 Bd7 32. Nd5 Ne8 33. Rc5 f6 34. Nb1
Nd6 35. Nbc3 Nh8 36. Nc7 Nhf7 37. N7xb5 1-0

[Event "CAN op"]
[Site "Hamilton CAN"]
[Date "2022.07.13"]
[Round "3.13"]
[White "Samsonkin, Artiom"]
[Black "Bluvshtein, Ilia"]
[Result "1-0"]
[WhiteElo "2539"]
[BlackElo "2220"]
[PlyCount "55"]
[EventDate "2022.07.12"]
[EventType "swiss"]
[EventRounds "9"]
[EventCountry "CAN"]

1. e4 e5 2. Nf3 Nc6 3. d4 exd4 4. Bc4 Nf6 5. e5 d5 6. Bb5 Ne4 7. Nxd4 Bd7 8.
Bxc6 bxc6 9. O-O Bc5 10. f3 Ng5 11. Be3 O-O 12. f4 Ne4 13. Nd2 Nxd2 14. Qxd2 f6
15. Nb3 Bb6 16. Nc5 Bf5 17. Bd4 fxe5 18. fxe5 Qe7 19. b4 Rae8 20. Rae1 Be6 21.
Qc3 Rxf1+ 22. Rxf1 Bc8 23. a4 a6 24. a5 Bxc5 25. Bxc5 Qh4 26. Qf3 Qd8 27. Qf7+
Kh8 28. Bf8 1-0

[Event "CAN op"]
[Site "Hamilton CAN"]
[Date "2022.07.13"]
[Round "3.14"]
[White "Bailey, Doug"]
[Black "Banerjee, Bitan"]
[Result "0-1"]
[WhiteElo "2165"]
[BlackElo "2502"]
[PlyCount "110"]
[EventDate "2022.07.12"]
[EventType "swiss"]
[EventRounds "9"]
[EventCountry "CAN"]

1. e4 e6 2. d4 d5 3. Nc3 Bb4 4. e5 c5 5. Bd2 Ne7 6. Nce2 Bxd2+ 7. Qxd2 b6 8.
Nf3 Ba6 9. Nf4 Bxf1 10. Kxf1 cxd4 11. Nxd4 Nbc6 12. Nf3 Ng6 13. Re1 Qc7 14. Nd3
Rc8 15. Re2 O-O 16. h4 f6 17. exf6 Rxf6 18. h5 Nge7 19. h6 Nf5 20. Nf4 Nxh6 21.
Nxe6 Qd6 22. Neg5 Ne7 23. c4 Rf5 24. Rh4 Nc6 25. Re6 Qc5 26. Nxh7 Nf7 27. Qe2
Nd6 28. Nhg5 dxc4 29. Ne4 Nxe4 30. Rhxe4 b5 31. g4 Rff8 32. a4 a6 33. Kg2 Qd5
34. Kg3 Rc7 35. g5 Rcf7 36. Re8 Qd6+ 37. Kg2 Nb4 38. Rxf8+ Rxf8 39. Re6 Qf4 40.
Re8 Qg4+ 41. Kf1 Nd3 42. Rxf8+ Kxf8 43. Qe3 Nf4 44. Qe4 Qg2+ 45. Ke1 Nd3+ 46.
Kd2 Qxf2+ 47. Kd1 Nxb2+ 48. Kc1 Nd3+ 49. Kd1 Qf1+ 50. Kd2 Qg2+ 51. Qe2 Qxe2+
52. Kxe2 bxa4 53. Nd4 a3 54. Nc2 a2 55. Kd2 Nc5 0-1